000 00795nam a2200289Ia 4500
001 25090
003 IT-RoPAU
008 130308s9999 xx 000 0 und d
040 _aIT-RoPAU
040 _cIT-RoPAU
041 _aITALIANO
100 _aJanz Curt Paul
100 _gCodice Aut. SPICS: 12526
245 _aConcezione musicale in Wagner e Nietzsche (La)-Tra romanticismo e moderno
245 _bRichard Wagner e Friedrich Nietzsche
250 _a1a ed.
260 _aMILANO
260 _bUnicopli
260 _c1984 [1° Ed.:1984 - Ed.Ling.Originale:1983]
300 _a"17 p. (prefazione: no ; testo: 17 [pagine: 86-102])"
650 _aAUTORI/OPERE DI MUSICA
650 _eCodice materia Spics: 7007
942 _cBK
957 _71
999 _c58674
_d58674
999 _bSI
999 _g1